1925 1501 1545 1698 1461 1895 1428 1005 1328 1720 1152 1631 1669 1164 1980 1243 1956 1074 1106 1125 1416 1661 1740 1396 1572 1323 1522 1967 1379 1888 1716 1263 1876 1172 1110 1548 1318 1370 1876 1126 1882 1171 1404 1595 1268 1142 1614 1655 1744 1471 1124 1379 1228 1502 1515 1551 1078 1802 1860 1266 1880 1110 1815 1983 1591 1412 1472 1158 1541 1805 1288 1453 1077 1850 1651 1064 1526 1023 1940 1900 1460 1246 1102 1633 1065 1699 1794 1721 1406 1809 1688 1587 1047 1555 1617 1518 1765 1008 1169 BCNSPRNW ULIB Ver.6.0+V

เปลี่ยนเป็นภาษาไทย

Change to English
 แสดงรายละเอียดบรรณานุกรม
  กลับหน้าหลัก

Brief Record : Get Marc (ISO 2709) : E-mail record : QR code < ปิดหน้าต่าง
LEADER : 00000nam 2200000uu 4500
001    13399126097
003     ULIB
008    020711s2017 th a 000 0 eng d
020    ^a9781496362247
060    ^aQV4^bK18F
100    ^aAmy M. Karch.
245    ^aFocus on Nursing Pharmacology
250    ^a7th ed
260    ^aPhiladelphia :^bWolters Kluwer,^c2017
300    ^a1106 pages;^b30 cm
650    ^aPharmaceutical Preparations
650  0 ^aDrug Therapy
945    ^p2439^l0^i004121
999    ^aประนอม เกษจรัล
รายการนี้ยังไม่มีแท็ก
คุณยังไม่ได้ล็อกอิน คุณสามารถมีกิจกรรมร่วมกับเว็บไซต์ได้ แต่ต้องล็อกอินก่อน ::
  ล็อกอิน

รายการสื่อสารสนเทศ

ลำดับที่ ประเภท เลขเรียก/บาร์โค้ด สถานที่ สถานะ
1. วิทยาศาสตร์การแพทย์ และสุขภาพ
หนังสือสำรอง
สถานะ=หนังสือสำรอง
QV4 K18F ฉ.1 
  Barcode: 004121
ห้องสมุดวิทยาเขตสวรรค์ประชารักษ์
►หนังสือทั่วไป
บนชั้น

รายการใกล้เคียง
    ชื่อเรื่อง [Focus on Nursing Pharmacology]

    ผู้แต่ง [Amy M. Karch.]

    หัวเรื่อง [Pharmaceutical Preparations]
    หัวเรื่อง [Drug Therapy]

BibComment


ยังไม่เคยถูกคอมเมนท์

คอมเมนท์ทรัพยากรรายการนี้
  คอมเมนท์: Focus on Nursing..


 Copyright 2026. Bcnsprnw @Library